Statistics for management

Αποθηκεύτηκε σε:
Λεπτομέρειες βιβλιογραφικής εγγραφής
Κύριος συγγραφέας: Levin, Richard I.
Μορφή: Βιβλίο
Γλώσσα:English
Δημοσίευση: Englewood Cliffs, N.J. : Prentice-Hall, c1978
Σειρά:Prentice-Hall series in management
Θέματα:
Ετικέτες: Προσθήκη ετικέτας
Δεν υπάρχουν, Καταχωρήστε ετικέτα πρώτοι!

MARC

LEADER 00000cam a2200000 i 4500
001 1/30910
008 950807s1978 eng d
020 |a 0138453055 
035 |l 10023486 
040 |a GR-MY-UA  |b gre  |e aacr 
041 0 |a eng 
082 0 |a 519.5 
100 1 |a Levin, Richard I. 
245 1 0 |a Statistics for management /  |c Richard I. Levin 
260 |a Englewood Cliffs, N.J. :   |b Prentice-Hall,   |c c1978 
300 |a iv, 568 p.;  |b ill.;  |c 24 cm 
490 1 |a Prentice-Hall series in management 
500 |a Includes index 
504 |a Bibliography: p. 560-562 
650 0 0 |a Statistics. 
852 |a INST  |b CHIOS  |e 19950807  |h 519.5 LEV  |p 005200001336  |q 005200001336  |t BK  |y 0 
909 |a Χ  |b 013295